| 000 | 01144nam a22003614a 4500 | ||
|---|---|---|---|
| 999 |
_c4607 _d4607 |
||
| 003 | OCoLC | ||
| 005 | 20220325075427.0 | ||
| 008 | 030926s2004 maua b 001 0 eng | ||
| 020 | _a0632054190 | ||
| 040 | _cDLC | ||
| 042 | _apcc | ||
| 049 | _aUOHA | ||
| 050 | 1 | 0 |
_aRG104 _b.B65 2004 |
| 060 | 0 | 0 | _a2004 M-474 |
| 060 | 1 | 0 |
_aWP 660 _bM734b 2004 |
| 090 | _aRG104 .B51 2004 | ||
| 100 | 1 | _aMonaghan, John M. | |
| 245 | 1 | 0 |
_aBonney's gynaecological surgery / _cJohn M. Monaghan, Tito Lopes, Raj Kaik. |
| 250 | _a10th ed. | ||
| 260 |
_aMalden, Mass. : _bBlackwell Science, _cc2004. |
||
| 300 |
_ax, 309 p. : _bill. ; _c26 cm. |
||
| 504 | _aIncludes bibliographical references and index. | ||
| 650 | 0 |
_aGenerative organs, Female _xSurgery. |
|
| 650 | 1 | 2 | _aGynecologic Surgical Procedures. |
| 650 | 2 | 2 |
_aGenitalia, Female _xsurgery. |
| 700 | 1 | _aLopes, Tito. | |
| 700 | 1 | _aKaik, Raj. | |
| 700 | 1 |
_aBonney, Victor, _d1872-1953. _tGynaecological surgery. |
|
| 856 | 4 | 2 | _uhttp://library.usask.ca/scripts/remote?URL=http://www.loc.gov/catdir/toc/ecip049/2003020780.html |
| 907 | _a.b27671902 | ||
| 942 |
_2lcc _cBK _nMM |
||